Central Library OPAC University of Rajshahi
Normal view MARC view

Entry Personal Name

Number of records used in: 2

001 - CONTROL NUMBER

  • control field: 12469

003 - CONTROL NUMBER IDENTIFIER

  • control field: BD-RjUL

005 - DATE AND TIME OF LATEST TRANSACTION

  • control field: 20240321102845.0

008 - FIXED-LENGTH DATA ELEMENTS

  • fixed length control field: 240321|| aca||aabn | a|a d

040 ## - CATALOGING SOURCE

  • Original cataloging agency: BD-RjUL
  • Transcribing agency: BD-RjUL

100 ## - HEADING--PERSONAL NAME

  • Personal name: Hashmi, Rafi Uddin

670 ## - SOURCE DATA FOUND

  • Source citation: Work cat.: (BD-RjUL)38475: Iqbal, Muhammad, Sir, 1877-1938. 116601, خطوط اقبال : / K̲h̲ut̤ūt̤-i Iqbāl :, 1977